Statistiken für Brasilien-Quiz

Klicken Sie hier um das Quiz zu spielen!

Allgemein

  • Dieses Quiz wurde 364 mal gespielt
  • Das Durchschnittsergebnis liegt bei 16 aus 21

Antwortstatistiken

Frage Antwort % Korrekt
HauptstadtBrasília
99%
Die einzigen südamerikanischen Länder, die nicht an Brasilien grenzenChile
98%
Größte StädteRio de Janeiro
97%
Buntes Ereignis, das fünf Tage
vor Aschermittwoch stattfindet
Karneval
93%
Die einzigen südamerikanischen Länder, die nicht an Brasilien grenzenEcuador
93%
Längster FlussAmazonas
92%
AmtssprachePortugiesisch
91%
Größte StädteSão Paulo
86%
Brasilien ist der größte Hersteller dieser BohneKaffee
81%
Beliebter Musikstil, der dort gespielt wirdSamba
78%
Brasilianisches ElendsviertelFavela
78%
Berühmteste SträndeCopacabana
77%
Beste Torschützen für
Brasilien bei der FIFA-WM
Ronaldo
76%
Dies wurde 1888 abgeschafftSklaverei
73%
Beste Torschützen für
Brasilien bei der FIFA-WM
Pelé
71%
Kontroverser Staatspräsident seit 2019Jair Bolsonaro
69%
Berühmteste SträndeIpanema
51%
WährungReal
46%
Wasserfälle an der argentinischen
Grenze
{Iguazú}-Fälle
45%
Berühmteste StatueCristo {Redentor}
38%
Motto auf der Flagge{Ordem} e Progresso
37%

Verteilung der Resultate

Perzentil nach korrekt beantworteten Fragen

Anzahl Personen mit jedem Resultat

Ihre Resultats-Entwicklung

Sie haben dieses Quiz noch nicht gespielt